| 000 | 01385nam a22003137a 4500 | ||
|---|---|---|---|
| 999 |
_c64238 _d64238 |
||
| 005 | 20240530110721.0 | ||
| 008 | 180326s2016 ua ah g b 000 0dara d | ||
| 017 |
_a2012/13318 _bمصر. دار الكتب |
||
| 020 | _a9789772161843 | ||
| 040 |
_aEG-CaGPL _cEG-CaGPL |
||
| 082 | 0 | 4 |
_221 _a320.854 / _bل م |
| 245 | 0 | 2 |
_aالمجالس البلدية فى حوض البحر الابيض المتوسط / _cتحرير نورا لافى ؛ ترجمة عثمان مصطفى عثمان |
| 250 | _aط.1 | ||
| 260 |
_aالقاهرة : _bالمركز القومى للترجمة ، _c2016. |
||
| 300 |
_a503 ص. : _bايض ؛ _c24 سم. |
||
| 490 |
_aالمركز القومى للترجمة ؛ _v2213. |
||
| 650 | 0 | 7 |
_2qrmak _aالمجالس البلدية |
| 650 | 0 | 7 |
_2qrmak _aالمجالس البلدية _zايطاليا |
| 650 | 0 | 7 |
_aالمجالس البلدية _zبيروت |
| 650 | 0 | 7 |
_aالمجالس البلدية _zتونس |
| 650 | 0 | 7 |
_2qrmak _aالمجالس البلدية _zالقدس |
| 650 | 0 | 7 |
_2qrmak _aالمجالس البلدية _zالدولة العثمانية |
| 651 | _2qrmak | ||
| 653 | 0 | _aالمجالس البلدية - حوض البحر الابيض المتوسط | |
| 700 | 1 |
_aلافى، نورا _eمحرر |
|
| 700 | 0 |
_aعثمان مصطفى عثمان _eمترجم |
|
| 942 |
_2ddc _cBK |
||